[Event "4th Baskent University Open 2019"]
[Site "Ankara"]
[Date "2019.06.18"]
[Round "3"]
[White "Mohannad, Farhan"]
[Black "Yarar, Bora"]
[Result "1/2-1/2"]
[WhiteElo "2193"]
[BlackElo "1732"]
[Annotator "NA"]
[PlyCount "120"]
[EventDate "2019.06.18"]
[EventType "swiss"]
[EventCountry "TUR"]
[SourceTitle "playchess.com"]
[Source "ChessBase"]
[SourceQuality "1"]
[TimeControl "5400+30"]

1. d4 {[%emt 0:02:30]} Nf6 {[%emt 0:01:30]} 2. Nf3 {[%emt 0:00:00]} g6 {[%emt 0:00:00]} 3. c4 {[%emt 0:00:00]} Bg7 {[%emt 0:00:00]} 4. Nc3 {[%emt 0:00:00]} O-O {[%emt 0:00:30]} 5. e4 {[%emt 0:00:00]} d6 {[%emt 0:00:30]} 6. Be2 {[%emt 0:00:30]} Nbd7 {[%emt 0:00:30]} 7. Bg5 {[%emt 0:03:30]} h6 {[%emt 0:02:30]} 8. Bh4 {[%emt 0:00:00]} e5 {[%emt 0:02:30]} 9. d5 {[%emt 0:00:00]} g5 {[%emt 0:01:30]} 10. Bg3 {[%emt 0:00:30]} Nc5 {[%emt 0:01:30]} 11. Nd2 {[%emt 0:00:00]} a5 {[%emt 0:02:30]} 12. O-O {[%emt 0:00:00]} Nh7 {[%emt 0:07:30]} 13. Bg4 {[%emt 0:05:30]} Nd3 {[%emt 0:04:30]} 14. Bxc8 {[%emt 0:00:30]} Qxc8 {[%emt 0:00:30]} 15. Qc2 {[%emt 0:04:30]} Nf4 {[%emt 0:00:30]} 16. f3 {[%emt 0:00:30]} Nf6 {[%emt 0:03:30]} 17. Rfe1 {[%emt 0:03:30]} Kh8 {[%emt 0:03:30]} 18. Nd1 {[%emt 0:00:30]} Rg8 {[%emt 0:01:30]} 19. Ne3 {[%emt 0:00:30]} N6h5 {[%emt 0:07:30]} 20. Nf5 {[%emt 0:00:30]} Qd7 {[%emt 0:01:30]} 21. Nf1 {[%emt 0:01:30]} Nf6 {[%emt 0:08:30]} 22. N1e3 {[%emt 0:00:00]} h5 {[%emt 0:00:30]} 23. h3 {[%emt 0:07:00]} Bf8 {[%emt 0:02:30]} 24. b3 {[%emt 0:00:30]} Rg6 {[%emt 0:02:30]} 25. Qd1 {[%emt 0:09:30]} Be7 {[%emt 0:03:30]} 26. Kf2 {[%emt 0:03:30]} Kh7 {[%emt 0:10:30]} 27. Rh1 {[%emt 0:00:30]} Rh8 {[%emt 0:01:30]} 28. a3 {[%emt 0:01:30]} Kg8 {[%emt 0:01:30]} 29. b4 {[%emt 0:02:30]} Kf8 {[%emt 0:03:30]} 30. bxa5 {[%emt 0:00:30]} Rhg8 {[%emt 0:00:30]} 31. Rb1 {[%emt 0:06:30]} Qc8 {[%emt 0:06:53]} 32. Qb3 {[%emt 0:00:30]} Qa8 {[%emt 0:03:20]} 33. Qc3 {[%emt 0:10:30]} g4 {[%emt 0:03:12]} 34. hxg4 {[%emt 0:00:00]} hxg4 {[%emt 0:00:00]} 35. Rh6 {[%emt 0:10:00]} Rxh6 {[%emt 0:00:29]} 36. Nxh6 {[%emt 0:08:30]} gxf3 {[%emt 0:00:16]} 37. Qc2 {[%emt 0:02:30]} Rxg3 {[%emt 0:09:56]} 38. Kxg3 {[%emt 0:00:30]} Ne2+ {[%emt 0:00:07]} 39. Kh2 {[%emt 0:03:41]} Nd4 {[%emt 0:02:05]} 40. Qd3 {[%emt 0:01:42]} fxg2 {[%emt 0:00:10]} 41. Kxg2 {[%emt 0:00:17]} Nh5 {[%emt 0:00:41]} 42. Rf1 {[%emt 0:01:46]} Bg5 {[%emt 0:02:00]} 43. Rxf7+ {[%emt 0:07:03]} Ke8 {[%emt 0:00:01]} 44. Qd1 {[%emt 0:00:00]} Nf6 {[%emt 0:02:13]} 45. Rxf6 {[%emt 0:03:36]} Bxf6 {[%emt 0:00:02]} 46. Qh5+ {[%emt 0:00:16]} Kd7 {[%emt 0:00:08]} 47. Qf7+ {[%emt 0:01:26]} Be7 {[%emt 0:00:06]} 48. Nef5 {[%emt 0:01:06]} Qf8 {[%emt 0:00:41]} 49. Qh7 {[%emt 0:01:39]} Qf6 {[%emt 0:01:04]} 50. Nxd4 {[%emt 0:01:04]} Qg5+ {[%emt 0:00:22]} 51. Kf2 {[%emt 0:00:28]} Qh4+ {[%emt 0:00:45]} 52. Ke2 {[%emt 0:00:15]} Qh2+ {[%emt 0:00:00]} 53. Kd3 {[%emt 0:00:20]} Qg3+ {[%emt 0:00:00]} 54. Kc2 {[%emt 0:00:30]} Qf2+ {[%emt 0:00:10]} 55. Kb3 {[%emt 0:00:13]} Qe3+ {[%emt 0:00:24]} 56. Kc2 {[%emt 0:00:57]} Qf2+ {[%emt 0:00:08]} 57. Kb3 {[%emt 0:01:06]} Qe3+ {[%emt 0:00:07]} 58. Ka4 {[%emt 0:00:24]} Qxd4 {[%emt 0:00:19]} 59. Qf5+ {[%emt 0:00:42]} Kd8 {[%emt 0:00:13]} 60. Kb3 {[%emt 0:00:49]} Qd1+ {[%emt 0:00:05]} 1/2-1/2

[Event "4th Baskent University Open 2019"]
[Site "Ankara"]
[Date "2019.06.18"]
[Round "3"]
[White "Yilmaz, Goktan"]
[Black "Odeev, Handszar"]
[Result "1/2-1/2"]
[WhiteElo "2155"]
[BlackElo "2386"]
[Annotator "NA"]
[PlyCount "133"]
[EventDate "2019.06.18"]
[EventType "swiss"]
[EventCountry "TUR"]
[SourceTitle "playchess.com"]
[Source "ChessBase"]
[SourceQuality "1"]
[TimeControl "5400+30"]

1. e4 {[%emt 0:00:30]} c5 {[%emt 0:00:30]} 2. Nf3 {[%emt 0:00:00]} Nc6 {[%emt 0:01:30]} 3. d4 {[%emt 0:00:00]} cxd4 {[%emt 0:00:30]} 4. Nxd4 {[%emt 0:00:30]} e5 {[%emt 0:01:30]} 5. Nb5 {[%emt 0:00:30]} d6 {[%emt 0:00:00]} 6. N1c3 {[%emt 0:04:30]} a6 {[%emt 0:02:00]} 7. Na3 {[%emt 0:00:30]} Be6 {[%emt 0:08:30]} 8. Nc4 {[%emt 0:04:30]} Rc8 {[%emt 0:00:30]} 9. Ne3 {[%emt 0:04:30]} Nf6 {[%emt 0:04:30]} 10. g3 {[%emt 0:01:30]} h5 {[%emt 0:06:30]} 11. h3 {[%emt 0:04:30]} g6 {[%emt 0:00:30]} 12. Bg2 {[%emt 0:01:30]} Bh6 {[%emt 0:06:30]} 13. Ncd5 {[%emt 0:09:30]} Bxd5 {[%emt 0:05:30]} 14. Nxd5 {[%emt 0:01:30]} Bxc1 {[%emt 0:16:30]} 15. Rxc1 {[%emt 0:02:30]} h4 {[%emt 0:00:00]} 16. Nxf6+ {[%emt 0:19:30]} Qxf6 {[%emt 0:00:00]} 17. O-O {[%emt 0:03:30]} Kf8 {[%emt 0:06:30]} 18. c3 {[%emt 0:00:30]} Kg7 {[%emt 0:00:30]} 19. Qd2 {[%emt 0:06:30]} Nd8 {[%emt 0:03:30]} 20. Rcd1 {[%emt 0:02:30]} Rc6 {[%emt 0:01:30]} 21. f4 {[%emt 0:04:30]} hxg3 {[%emt 0:09:30]} 22. fxe5 {[%emt 0:03:30]} Qxe5 {[%emt 0:00:30]} 23. Qe2 {[%emt 0:01:30]} Ne6 {[%emt 0:14:28]} 24. Qg4 {[%emt 0:01:30]} Qg5 {[%emt 0:03:33]} 25. Qf3 {[%emt 0:02:30]} Rf8 {[%emt 0:02:18]} 26. Rd5 {[%emt 0:00:59]} Qh4 {[%emt 0:00:09]} 27. Qe3 {[%emt 0:01:24]} f6 {[%emt 0:02:34]} 28. Rd3 {[%emt 0:02:16]} Ng5 {[%emt 0:01:36]} 29. Qxg3 {[%emt 0:01:59]} Qxg3 {[%emt 0:00:34]} 30. Rxg3 {[%emt 0:00:04]} Rc5 {[%emt 0:01:03]} 31. Rd3 {[%emt 0:01:03]} Nf7 {[%emt 0:00:14]} 32. Rfd1 {[%emt 0:00:48]} Re5 {[%emt 0:00:22]} 33. Rd5 {[%emt 0:01:18]} Re7 {[%emt 0:00:36]} 34. c4 {[%emt 0:01:14]} Rc8 {[%emt 0:00:22]} 35. b3 {[%emt 0:00:20]} Rc5 {[%emt 0:01:20]} 36. Kf2 {[%emt 0:01:28]} Rxd5 {[%emt 0:00:11]} 37. Rxd5 {[%emt 0:01:38]} Rc7 {[%emt 0:00:32]} 38. Ke3 {[%emt 0:01:38]} Kf8 {[%emt 0:00:30]} 39. Rd2 {[%emt 0:00:55]} Ke7 {[%emt 0:00:07]} 40. Kd4 {[%emt 0:00:30]} Ne5 {[%emt 0:00:27]} 41. Rf2 {[%emt 0:01:36]} Rc8 {[%emt 0:00:12]} 42. Bf1 {[%emt 0:00:25]} Rh8 {[%emt 0:00:45]} 43. Ke3 {[%emt 0:02:52]} g5 {[%emt 0:00:39]} 44. Rc2 {[%emt 0:00:33]} Nd7 {[%emt 0:01:25]} 45. b4 {[%emt 0:00:45]} Rc8 {[%emt 0:00:56]} 46. Kd4 {[%emt 0:00:21]} Nf8 {[%emt 0:00:12]} 47. Be2 {[%emt 0:01:19]} Ne6+ {[%emt 0:00:06]} 48. Ke3 {[%emt 0:00:10]} a5 {[%emt 0:00:19]} 49. a3 {[%emt 0:01:00]} axb4 {[%emt 0:00:05]} 50. axb4 {[%emt 0:00:30]} Ra8 {[%emt 0:00:30]} 51. Rc3 {[%emt 0:00:30]} Ra4 {[%emt 0:00:30]} 52. Rb3 {[%emt 0:00:30]} Ra1 {[%emt 0:00:30]} 53. Bg4 {[%emt 0:00:30]} Re1+ {[%emt 0:00:30]} 54. Kd3 {[%emt 0:00:00]} Nf4+ {[%emt 0:02:00]} 55. Kd4 {[%emt 0:00:00]} Ra1 {[%emt 0:00:15]} 56. c5 {[%emt 0:02:40]} Ne6+ {[%emt 0:00:22]} 57. Bxe6 {[%emt 0:02:16]} Kxe6 {[%emt 0:00:03]} 58. Rf3 {[%emt 0:00:22]} Rd1+ {[%emt 0:00:36]} 59. Kc4 {[%emt 0:01:29]} Re1 {[%emt 0:00:12]} 60. cxd6 {[%emt 0:00:42]} Rxe4+ {[%emt 0:00:17]} 61. Kc5 {[%emt 0:00:09]} b6+ {[%emt 0:01:18]} 62. Kxb6 {[%emt 0:01:17]} Rxb4+ {[%emt 0:00:32]} 63. Kc5 {[%emt 0:00:16]} Rb1 {[%emt 0:00:42]} 64. Re3+ {[%emt 0:00:18]} Kd7 {[%emt 0:00:29]} 65. Re7+ {[%emt 0:00:39]} Kd8 {[%emt 0:00:00]} 66. Rf7 {[%emt 0:00:00]} Rb3 {[%emt 0:00:27]} 67. Rxf6 {[%emt 0:00:59]} 1/2-1/2

[Event "4th Baskent University Open 2019"]
[Site "Ankara"]
[Date "2019.06.18"]
[Round "3"]
[White "Kizilkus, Akin"]
[Black "Ergani, Efe"]
[Result "1/2-1/2"]
[WhiteElo "2131"]
[BlackElo "1748"]
[Annotator "NA"]
[PlyCount "83"]
[EventDate "2019.06.18"]
[EventType "swiss"]
[EventCountry "TUR"]
[SourceTitle "playchess.com"]
[Source "ChessBase"]
[SourceQuality "1"]
[TimeControl "5400+30"]

1. d4 {[%emt 0:00:30]} Nf6 {[%emt 0:02:30]} 2. c4 {[%emt 0:00:00]} c5 {[%emt 0:00:30]} 3. d5 {[%emt 0:00:00]} e6 {[%emt 0:00:00]} 4. Nc3 {[%emt 0:00:30]} exd5 {[%emt 0:00:00]} 5. cxd5 {[%emt 0:00:00]} d6 {[%emt 0:00:00]} 6. e4 {[%emt 0:00:00]} g6 {[%emt 0:00:00]} 7. Bd3 {[%emt 0:00:30]} Bg7 {[%emt 0:00:30]} 8. h3 {[%emt 0:00:30]} O-O {[%emt 0:00:30]} 9. Bg5 {[%emt 0:00:30]} Na6 {[%emt 0:07:30]} 10. Nf3 {[%emt 0:01:30]} Nc7 {[%emt 0:05:30]} 11. a4 {[%emt 0:01:30]} Rb8 {[%emt 0:05:30]} 12. O-O {[%emt 0:00:00]} a6 {[%emt 0:02:30]} 13. a5 {[%emt 0:01:00]} b5 {[%emt 0:03:30]} 14. axb6 {[%emt 0:01:30]} Rxb6 {[%emt 0:00:30]} 15. Qc2 {[%emt 0:07:30]} Nb5 {[%emt 0:10:30]} 16. Be3 {[%emt 0:05:30]} Nd7 {[%emt 0:05:30]} 17. Nd2 {[%emt 0:05:30]} Ne5 {[%emt 0:04:30]} 18. Nxb5 {[%emt 0:22:30]} axb5 {[%emt 0:01:30]} 19. Be2 {[%emt 0:00:30]} Rb8 {[%emt 0:17:30]} 20. Kh1 {[%emt 0:07:30]} f5 {[%emt 0:06:30]} 21. f4 {[%emt 0:00:30]} Nf7 {[%emt 0:02:30]} 22. Bf3 {[%emt 0:11:30]} fxe4 {[%emt 0:03:37]} 23. Nxe4 {[%emt 0:01:30]} Re8 {[%emt 0:02:49]} 24. Bf2 {[%emt 0:04:30]} b4 {[%emt 0:01:09]} 25. Qd2 {[%emt 0:06:30]} Bf5 {[%emt 0:03:18]} 26. Rfe1 {[%emt 0:00:30]} Ra8 {[%emt 0:01:16]} 27. Ng3 {[%emt 0:04:15]} Nh6 {[%emt 0:02:21]} 28. Be2 {[%emt 0:05:19]} Qf6 {[%emt 0:03:28]} 29. Nxf5 {[%emt 0:02:32]} Nxf5 {[%emt 0:00:33]} 30. Rxa8 {[%emt 0:04:16]} Rxa8 {[%emt 0:00:12]} 31. g4 {[%emt 0:00:26]} Nd4 {[%emt 0:00:29]} 32. Bd1 {[%emt 0:00:30]} Qf7 {[%emt 0:01:32]} 33. Bxd4 {[%emt 0:01:15]} Qxd5+ {[%emt 0:00:32]} 34. Qg2 {[%emt 0:00:34]} Qxg2+ {[%emt 0:00:41]} 35. Kxg2 {[%emt 0:00:30]} Bxd4 {[%emt 0:00:00]} 36. Bf3 {[%emt 0:00:07]} Ra7 {[%emt 0:01:10]} 37. Bd5+ {[%emt 0:00:53]} Kf8 {[%emt 0:01:56]} 38. b3 {[%emt 0:00:26]} Ra2+ {[%emt 0:02:55]} 39. Kh1 {[%emt 0:00:11]} Rf2 {[%emt 0:01:13]} 40. Re6 {[%emt 0:01:13]} Rxf4 {[%emt 0:00:49]} 41. Rxd6 {[%emt 0:00:05]} Rf2 {[%emt 0:00:38]} 42. Re6 {[%emt 0:00:26]} 1/2-1/2

[Event "4th Baskent University Open 2019"]
[Site "Ankara"]
[Date "2019.06.18"]
[Round "3"]
[White "Buke, Furkan"]
[Black "Gunduz, Umut Erdem"]
[Result "0-1"]
[WhiteElo "1935"]
[BlackElo "2302"]
[Annotator "NA"]
[PlyCount "132"]
[EventDate "2019.06.18"]
[EventType "swiss"]
[EventCountry "TUR"]
[SourceTitle "playchess.com"]
[Source "ChessBase"]
[SourceQuality "1"]
[TimeControl "5400+30"]

1. e4 {[%emt 0:02:30]} d6 {[%emt 0:10:30]} 2. d4 {[%emt 0:00:30]} Nf6 {[%emt 0:00:30]} 3. Nc3 {[%emt 0:00:30]} e5 {[%emt 0:00:00]} 4. Nf3 {[%emt 0:00:00]} Nbd7 {[%emt 0:00:00]} 5. Bc4 {[%emt 0:00:00]} Be7 {[%emt 0:00:00]} 6. a4 {[%emt 0:00:30]} O-O {[%emt 0:00:00]} 7. O-O {[%emt 0:00:00]} a5 {[%emt 0:00:30]} 8. Re1 {[%emt 0:00:00]} c6 {[%emt 0:00:00]} 9. Ba2 {[%emt 0:00:30]} Qc7 {[%emt 0:06:00]} 10. h3 {[%emt 0:01:30]} exd4 {[%emt 0:21:30]} 11. Nxd4 {[%emt 0:00:30]} Nc5 {[%emt 0:00:00]} 12. Qf3 {[%emt 0:00:30]} Re8 {[%emt 0:02:00]} 13. Bf4 {[%emt 0:08:30]} Ne6 {[%emt 0:11:30]} 14. Nxe6 {[%emt 0:03:30]} Bxe6 {[%emt 0:00:30]} 15. Bxe6 {[%emt 0:00:00]} fxe6 {[%emt 0:00:30]} 16. e5 {[%emt 0:00:00]} dxe5 {[%emt 0:00:30]} 17. Bxe5 {[%emt 0:00:30]} Qb6 {[%emt 0:00:30]} 18. Ne4 {[%emt 0:00:30]} Rf8 {[%emt 0:00:30]} 19. Qg3 {[%emt 0:05:30]} Nh5 {[%emt 0:07:30]} 20. Qg4 {[%emt 0:09:30]} Rf5 {[%emt 0:01:30]} 21. Bc3 {[%emt 0:00:30]} Raf8 {[%emt 0:02:30]} 22. Rad1 {[%emt 0:01:30]} e5 {[%emt 0:18:53]} 23. Qe2 {[%emt 0:08:30]} Nf4 {[%emt 0:05:03]} 24. Qe3 {[%emt 0:00:30]} Qa6 {[%emt 0:06:20]} 25. Ng3 {[%emt 0:09:30]} R5f7 {[%emt 0:00:01]} 26. Bxe5 {[%emt 0:01:30]} Nd5 {[%emt 0:00:17]} 27. Qe2 {[%emt 0:00:30]} Rxf2 {[%emt 0:01:26]} 28. Qxf2 {[%emt 0:04:30]} Rxf2 {[%emt 0:00:30]} 29. Kxf2 {[%emt 0:00:30]} Bc5+ {[%emt 0:00:23]} 30. Bd4 {[%emt 0:01:30]} Bxd4+ {[%emt 0:00:43]} 31. Rxd4 {[%emt 0:00:30]} Qb6 {[%emt 0:00:00]} 32. Red1 {[%emt 0:00:30]} Qxb2 {[%emt 0:00:00]} 33. R1d2 {[%emt 0:00:30]} Qc3 {[%emt 0:00:12]} 34. R4d3 {[%emt 0:01:30]} Qc5+ {[%emt 0:00:21]} 35. Rd4 {[%emt 0:00:30]} Nf6 {[%emt 0:02:39]} 36. Kg1 {[%emt 0:02:30]} b5 {[%emt 0:00:23]} 37. Kh1 {[%emt 0:02:30]} Qa3 {[%emt 0:00:49]} 38. Nf5 {[%emt 0:00:30]} bxa4 {[%emt 0:00:33]} 39. c4 {[%emt 0:09:30]} Qc5 {[%emt 0:01:11]} 40. Rf4 {[%emt 0:00:30]} a3 {[%emt 0:00:44]} 41. Rf3 {[%emt 0:00:30]} h5 {[%emt 0:01:23]} 42. Ra2 {[%emt 0:02:30]} Ne4 {[%emt 0:01:18]} 43. Ng3 {[%emt 0:03:30]} Nd6 {[%emt 0:00:10]} 44. Raxa3 {[%emt 0:02:30]} h4 {[%emt 0:00:30]} 45. Ne2 {[%emt 0:00:30]} Qxc4 {[%emt 0:00:38]} 46. Nc3 {[%emt 0:01:58]} Nb5 {[%emt 0:00:37]} 47. Nxb5 {[%emt 0:05:26]} cxb5 {[%emt 0:00:30]} 48. Rac3 {[%emt 0:01:44]} Qe4 {[%emt 0:00:28]} 49. Rc5 {[%emt 0:01:06]} Qb1+ {[%emt 0:01:12]} 50. Kh2 {[%emt 0:00:06]} a4 {[%emt 0:00:01]} 51. Rff5 {[%emt 0:01:51]} a3 {[%emt 0:00:30]} 52. Rxb5 {[%emt 0:02:32]} a2 {[%emt 0:00:07]} 53. Rxb1 {[%emt 0:00:11]} axb1=Q {[%emt 0:00:30]} 54. Rf3 {[%emt 0:00:00]} Kh7 {[%emt 0:00:33]} 55. Re3 {[%emt 0:00:00]} Kh6 {[%emt 0:00:26]} 56. Rc3 {[%emt 0:00:34]} Qe4 {[%emt 0:00:26]} 57. Rf3 {[%emt 0:00:18]} Qxf3 {[%emt 0:01:59]} 58. gxf3 {[%emt 0:00:30]} Kg5 {[%emt 0:00:00]} 59. Kg2 {[%emt 0:00:18]} Kf4 {[%emt 0:00:08]} 60. Kf2 {[%emt 0:00:05]} g5 {[%emt 0:00:53]} 61. Ke2 {[%emt 0:00:36]} Kg3 {[%emt 0:00:30]} 62. Ke3 {[%emt 0:00:00]} Kxh3 {[%emt 0:00:05]} 63. Kf2 {[%emt 0:00:00]} Kh2 {[%emt 0:00:00]} 64. f4 {[%emt 0:00:02]} gxf4 {[%emt 0:00:55]} 65. Kf3 {[%emt 0:00:05]} Kg1 {[%emt 0:00:21]} 66. Kxf4 {[%emt 0:00:30]} h3 {[%emt 0:00:00]} 0-1

[Event "4th Baskent University Open 2019"]
[Site "Ankara"]
[Date "2019.06.18"]
[Round "3"]
[White "Yildirim, Ibrahim Halil"]
[Black "Tepeli, Sugra"]
[Result "1/2-1/2"]
[WhiteElo "1787"]
[BlackElo "1426"]
[Annotator "NA"]
[PlyCount "63"]
[EventDate "2019.06.18"]
[EventType "swiss"]
[EventCountry "TUR"]
[SourceTitle "playchess.com"]
[Source "ChessBase"]
[SourceQuality "1"]
[TimeControl "5400+30"]

1. e4 {[%emt 0:00:30]} e5 {[%emt 0:00:30]} 2. Bc4 {[%emt 0:00:30]} Nf6 {[%emt 0:00:00]} 3. d3 {[%emt 0:00:00]} Nc6 {[%emt 0:00:00]} 4. Nc3 Na5 {[%emt 0:00:30]} 5. Nge2 {[%emt 0:00:00]} Bc5 {[%emt 0:01:30]} 6. O-O {[%emt 0:11:00]} O-O {[%emt 0:00:00]} 7. a3 {[%emt 0:07:30]} Nxc4 {[%emt 0:02:00]} 8. dxc4 {[%emt 0:00:30]} d6 {[%emt 0:01:30]} 9. Qd3 {[%emt 0:05:30]} Be6 {[%emt 0:02:30]} 10. b4 {[%emt 0:18:30]} Bb6 {[%emt 0:00:30]} 11. Nd5 {[%emt 0:01:30]} Nxd5 {[%emt 0:04:30]} 12. cxd5 {[%emt 0:01:30]} Bd7 {[%emt 0:02:30]} 13. Be3 {[%emt 0:04:30]} Bxe3 {[%emt 0:00:30]} 14. Qxe3 {[%emt 0:02:30]} f5 {[%emt 0:01:30]} 15. exf5 {[%emt 0:24:26]} Bxf5 {[%emt 0:00:30]} 16. c4 {[%emt 0:00:23]} Qh4 {[%emt 0:02:30]} 17. Rac1 {[%emt 0:00:19]} Rf7 {[%emt 0:02:30]} 18. c5 {[%emt 0:04:01]} Bg6 {[%emt 0:07:30]} 19. cxd6 {[%emt 0:05:39]} cxd6 {[%emt 0:00:30]} 20. Rc3 {[%emt 0:03:00]} a6 {[%emt 0:13:30]} 21. Rfc1 {[%emt 0:02:44]} Raf8 {[%emt 0:00:30]} 22. f3 {[%emt 0:02:50]} Qf6 {[%emt 0:06:30]} 23. Ng3 {[%emt 0:02:36]} Qf4 {[%emt 0:01:30]} 24. Ne4 {[%emt 0:01:04]} Qxe3+ {[%emt 0:02:30]} 25. Rxe3 {[%emt 0:00:06]} Bxe4 {[%emt 0:00:00]} 26. Rxe4 {[%emt 0:01:15]} Rf4 {[%emt 0:01:00]} 27. Rc7 {[%emt 0:00:35]} R8f7 {[%emt 0:01:30]} 28. Rc8+ {[%emt 0:00:30]} Rf8 {[%emt 0:00:30]} 29. Rc7 {[%emt 0:00:30]} R8f7 {[%emt 0:00:00]} 30. Rc8+ {[%emt 0:00:24]} Rf8 {[%emt 0:00:00]} 31. Rc7 {[%emt 0:01:04]} b6 {[%emt 0:00:00]} 32. Rc8 {[%emt 0:00:31]} 1/2-1/2

[Event "4th Baskent University Open 2019"]
[Site "Ankara"]
[Date "2019.06.18"]
[Round "3"]
[White "Sahin, Arda"]
[Black "Sakmak, Kutay"]
[Result "1-0"]
[WhiteElo "1710"]
[BlackElo "1355"]
[Annotator "NA"]
[PlyCount "87"]
[EventDate "2019.06.18"]
[EventType "swiss"]
[EventCountry "TUR"]
[SourceTitle "playchess.com"]
[Source "ChessBase"]
[SourceQuality "1"]
[TimeControl "5400+30"]

1. d4 {[%emt 0:00:30]} Nf6 {[%emt 0:02:30]} 2. Bf4 {[%emt 0:00:00]} c5 {[%emt 0:00:30]} 3. d5 {[%emt 0:00:00]} d6 {[%emt 0:00:30]} 4. Nc3 {[%emt 0:00:30]} g6 {[%emt 0:01:30]} 5. e4 {[%emt 0:00:30]} Bg7 {[%emt 0:00:30]} 6. Nf3 {[%emt 0:00:30]} Nbd7 {[%emt 0:00:30]} 7. Bd3 {[%emt 0:04:30]} Qb6 {[%emt 0:02:30]} 8. Rb1 {[%emt 0:20:30]} Ng4 {[%emt 0:02:30]} 9. O-O {[%emt 0:00:30]} O-O {[%emt 0:02:30]} 10. Nd2 {[%emt 0:10:30]} Nge5 {[%emt 0:01:30]} 11. Be2 {[%emt 0:01:30]} h6 {[%emt 0:05:30]} 12. Be3 {[%emt 0:03:30]} Nf6 {[%emt 0:01:30]} 13. h3 {[%emt 0:01:30]} Qd8 {[%emt 0:05:30]} 14. f4 {[%emt 0:00:30]} Ned7 {[%emt 0:00:00]} 15. Nc4 {[%emt 0:00:30]} b5 {[%emt 0:02:00]} 16. e5 {[%emt 0:04:30]} bxc4 {[%emt 0:05:30]} 17. exf6 {[%emt 0:00:00]} Nxf6 {[%emt 0:00:00]} 18. Bxc4 {[%emt 0:00:00]} Rb8 {[%emt 0:03:00]} 19. Qd2 {[%emt 0:17:30]} Kh7 {[%emt 0:02:30]} 20. Rfe1 {[%emt 0:02:30]} Rb4 {[%emt 0:08:30]} 21. Qe2 {[%emt 0:07:30]} h5 {[%emt 0:03:30]} 22. a3 {[%emt 0:05:03]} Rb8 {[%emt 0:00:30]} 23. b4 {[%emt 0:09:34]} cxb4 {[%emt 0:02:30]} 24. Rxb4 {[%emt 0:00:32]} Ra8 {[%emt 0:04:30]} 25. Bd4 {[%emt 0:05:29]} Re8 {[%emt 0:00:30]} 26. Qf2 {[%emt 0:01:55]} a5 {[%emt 0:01:30]} 27. Bb6 {[%emt 0:00:27]} Qd7 {[%emt 0:00:30]} 28. Bb5 {[%emt 0:02:51]} Qf5 {[%emt 0:00:30]} 29. Rbb1 {[%emt 0:00:34]} Bd7 {[%emt 0:00:30]} 30. Bd3 {[%emt 0:00:16]} Ne4 {[%emt 0:00:30]} 31. Nxe4 {[%emt 0:00:41]} Qxd5 {[%emt 0:00:30]} 32. Ng5+ {[%emt 0:00:34]} Kg8 {[%emt 0:00:30]} 33. Be4 {[%emt 0:00:00]} Qc4 {[%emt 0:00:30]} 34. Bxa8 {[%emt 0:00:15]} Rxa8 {[%emt 0:00:00]} 35. Re4 {[%emt 0:01:16]} Qa2 {[%emt 0:00:00]} 36. Rbe1 {[%emt 0:00:54]} e6 {[%emt 0:00:30]} 37. Bd4 {[%emt 0:00:05]} Qxa3 {[%emt 0:00:30]} 38. Ra1 {[%emt 0:00:30]} Qxa1+ {[%emt 0:01:30]} 39. Bxa1 {[%emt 0:00:30]} Bxa1 {[%emt 0:00:00]} 40. g4 {[%emt 0:00:30]} a4 {[%emt 0:00:00]} 41. gxh5 {[%emt 0:01:00]} a3 {[%emt 0:00:30]} 42. hxg6 {[%emt 0:00:01]} fxg6 {[%emt 0:00:30]} 43. Qh4 {[%emt 0:00:23]} Be8 {[%emt 0:01:30]} 44. Qh7+ {[%emt 0:00:06]} 1-0